Steven Universe Songs - Statistics

General Stats
  • This quiz has been taken 159 times
  • The average score is 22 of 60
Answer Stats
Hint Answer % Correct
Credits Love Like You
94%
Opening We Are the Crystal Gems
92%
Stronger Than You
88%
Season 1 Cookie Cat
85%
It's Over Isn't It
79%
Giant Woman
73%
Do It for Her
64%
Strong in the Real Way
60%
Let Me Drive My Van (Into Your Heart)
59%
Lapis Lazuli
58%
Peace and Love on the Planet Earth
57%
Season 4 Here Comes a Thought
56%
Tower of Mistakes
56%
Escapism
54%
What's the Use of Feeling (Blue)
53%
Season 2 Full Disclosure
51%
Change Your Mind
50%
Mr. Greg
50%
Steven and the Stevens
50%
What Can I Do (For You)
49%
Be Wherever You Are
46%
Familiar
46%
Comet
44%
Dear Old Dad
43%
Don't Cost Nothing
41%
Empire City
39%
Something Entirely New
38%
On the Run
37%
Steven and the Crystal Gems
37%
The Jam Song
37%
Wailing Stone
37%
Both of You
35%
Ruby Rider
35%
That Distant Shore
34%
Haven't You Noticed (I'm a Star)
31%
Sadie Killer and the Suspects
26%
Destiny
25%
G-G-G-Ghost
25%
I Could Never Be (Ready)
25%
Big Fat Zucchini
24%
I Think I Need a Little (Change)
24%
Let Me Ska My Van Into Your Heart
22%
Let's Only Think About (Love)
21%
Season 5 The Working Dead
21%
Still Not Giving Up
17%
Don't Cost Nothing (Reprise)
13%
Hey, Mr. Postman
7%
Do or Do Nut
6%
Sapphire's Song
6%
Like a Star
5%
Potluck
5%
Ste-Ste-Ste Steven
5%
Serious Song
4%
Birthday Song
3%
Crying Breakfast Friends Theme Song
3%
Fishing for Compliments
3%
Let Me Drive My Van (into Your Wash)
3%
Season 3 Like a Burger
2%
Li'l Butler Theme
2%
Steven Tag Song
2%
No matching quizzes found
Score Distribution
Percent of People with Each Score
Percentile by Number Answered
Your Score History
You have not taken this quiz